<?xml version="1.0" encoding="UTF-8"?>
<collection xmlns="http://www.loc.gov/MARC21/slim">
<record>
  <controlfield tag="001">39094</controlfield>
  <controlfield tag="003">SzGeCERN</controlfield>
  <controlfield tag="005">20180601143155.0</controlfield>
  <datafield tag="024" ind1="8" ind2=" ">
    <subfield code="a">oai:cds.cern.ch:39094</subfield>
    <subfield code="p">cerncds:FULLTEXT</subfield>
  </datafield>
  <datafield tag="035" ind1=" " ind2=" ">
    <subfield code="9">PHOPHO</subfield>
    <subfield code="a">0000210</subfield>
  </datafield>
  <datafield tag="037" ind1=" " ind2=" ">
    <subfield code="a">CERN-IT-9704010_05</subfield>
  </datafield>
  <datafield tag="100" ind1=" " ind2=" ">
    <subfield code="a">Laurent Guiraud</subfield>
  </datafield>
  <datafield tag="245" ind1=" " ind2=" ">
    <subfield code="a">'Daisy petal' connectors for the ATLAS detector</subfield>
  </datafield>
  <datafield tag="246" ind1=" " ind2="1">
    <subfield code="a">"Daisy-Petal": connecteurs pour detecteur ATLAS TRT (RD6)</subfield>
  </datafield>
  <datafield tag="260" ind1=" " ind2=" ">
    <subfield code="c">1997</subfield>
  </datafield>
  <datafield tag="269" ind1=" " ind2=" ">
    <subfield code="c">Apr 1997</subfield>
  </datafield>
  <datafield tag="340" ind1=" " ind2=" ">
    <subfield code="a">FILM</subfield>
  </datafield>
  <datafield tag="520" ind1=" " ind2=" ">
    <subfield code="a">These daisy-petal structures are conducting connectors embedded in kapton film. This was an innovative solution to the demands of the ATLAS detector. Straws are pushed through the petals and held in contact using plugs. The flexible kapton film allows as many petals to be built in any configuration, while acting as a printed circuit carrying the high voltage between circles.</subfield>
  </datafield>
  <datafield tag="541" ind1=" " ind2=" ">
    <subfield code="e">IT-10-4-97/5</subfield>
  </datafield>
  <datafield tag="542" ind1=" " ind2=" ">
    <subfield code="d">CERN</subfield>
    <subfield code="g">1997</subfield>
  </datafield>
  <datafield tag="590" ind1=" " ind2=" ">
    <subfield code="a">Du fait des specifications du detecteur ATLAS, une solution nouvelle etait necessaire pour les connexions electriques. La solution trouvee est simple et elegante. Les nouveaux connecteurs sont appeles "petales de marguerite" du fait de leur forme. Integres dans une feuille souple en kapton, ils sont essentiellement constitues de petales ressortant en relief a l'interieur d'un cercle. On place le cercle sur l'extremite du tube-paille et on enfonce un bouchon qui force les petales vers l'interieur du tube et les maintient fermement en contact avec la surface interieure. Sur une seule et meme piece de film en kapton on peut construire autant de marguerites que necessaires dans toute configuration desiree, et de plus, le film lui-meme est un circuit imprime transportant la haute tension jusqu'a chaque cercle et permettant d'eviter un enchevetrement de cables.</subfield>
  </datafield>
  <datafield tag="650" ind1="1" ind2="7">
    <subfield code="2">SzGeCERN</subfield>
    <subfield code="a">Industry and Technology</subfield>
  </datafield>
  <datafield tag="653" ind1="2" ind2=" ">
    <subfield code="9">CERN</subfield>
    <subfield code="a">TRT</subfield>
  </datafield>
  <datafield tag="653" ind1="1" ind2=" ">
    <subfield code="a">ATLAS</subfield>
    <subfield code="9">CERN</subfield>
  </datafield>
  <datafield tag="653" ind1="1" ind2=" ">
    <subfield code="a">Detector Construction</subfield>
    <subfield code="9">CERN</subfield>
  </datafield>
  <datafield tag="653" ind1="1" ind2=" ">
    <subfield code="a">collaboration</subfield>
    <subfield code="9">CERN</subfield>
  </datafield>
  <datafield tag="653" ind1="1" ind2=" ">
    <subfield code="a">general</subfield>
    <subfield code="9">CERN</subfield>
  </datafield>
  <datafield tag="653" ind1="1" ind2=" ">
    <subfield code="a">Technology</subfield>
    <subfield code="9">CERN</subfield>
  </datafield>
  <datafield tag="653" ind1="1" ind2=" ">
    <subfield code="a">Detectors</subfield>
    <subfield code="9">CERN</subfield>
  </datafield>
  <datafield tag="653" ind1="1" ind2=" ">
    <subfield code="a">Inner Detector</subfield>
    <subfield code="9">CERN</subfield>
  </datafield>
  <datafield tag="916" ind1=" " ind2=" ">
    <subfield code="s">n</subfield>
    <subfield code="w">199831</subfield>
  </datafield>
  <datafield tag="960" ind1=" " ind2=" ">
    <subfield code="a">81</subfield>
  </datafield>
  <datafield tag="961" ind1=" " ind2=" ">
    <subfield code="c">20050511</subfield>
    <subfield code="h">1437</subfield>
    <subfield code="l">MMD01</subfield>
    <subfield code="x">19971218</subfield>
  </datafield>
  <datafield tag="963" ind1=" " ind2=" ">
    <subfield code="a">PUBLIC</subfield>
  </datafield>
  <datafield tag="970" ind1=" " ind2=" ">
    <subfield code="a">000000210MMD</subfield>
  </datafield>
  <datafield tag="980" ind1=" " ind2=" ">
    <subfield code="a">PHOTOLAB</subfield>
  </datafield>
  <datafield tag="856" ind1="4" ind2=" ">
    <subfield code="q">http://preprints.cern.ch/photo/photo-it/9704010_05.gif</subfield>
    <subfield code="x">icon</subfield>
  </datafield>
  <datafield tag="856" ind1="4" ind2=" ">
    <subfield code="q">http://preprints.cern.ch/cgi-bin/setlink?base=PHO&amp;categ=photo-it&amp;id=9704010_05</subfield>
    <subfield code="x">1</subfield>
    <subfield code="y">Access to the pictures</subfield>
  </datafield>
  <datafield tag="856" ind1="4" ind2=" ">
    <subfield code="u">http://cds.cern.ch/record/39094/files/9704010_05.jpeg</subfield>
    <subfield code="y">Access to the pictures</subfield>
    <subfield code="8">537043</subfield>
    <subfield code="s">209456</subfield>
  </datafield>
  <datafield tag="856" ind1="4" ind2=" ">
    <subfield code="u">http://cds.cern.ch/record/39094/files/9704010_05.gif?subformat=icon</subfield>
    <subfield code="x">icon</subfield>
    <subfield code="8">537043</subfield>
    <subfield code="s">19533</subfield>
  </datafield>
  <datafield tag="856" ind1="4" ind2=" ">
    <subfield code="u">http://cds.cern.ch/record/39094/files/9704010_05.jpeg?subformat=icon-1440</subfield>
    <subfield code="x">icon-1440</subfield>
    <subfield code="8">537043</subfield>
    <subfield code="s">250298</subfield>
  </datafield>
  <datafield tag="856" ind1="4" ind2=" ">
    <subfield code="u">http://cds.cern.ch/record/39094/files/9704010_05.jpeg?subformat=icon-180</subfield>
    <subfield code="x">icon-180</subfield>
    <subfield code="8">537043</subfield>
    <subfield code="s">17511</subfield>
  </datafield>
  <datafield tag="856" ind1="4" ind2=" ">
    <subfield code="u">http://cds.cern.ch/record/39094/files/9704010_05.jpeg?subformat=icon-640</subfield>
    <subfield code="x">icon-640</subfield>
    <subfield code="8">537043</subfield>
    <subfield code="s">108349</subfield>
  </datafield>
  <datafield tag="903" ind1=" " ind2=" ">
    <subfield code="s">public</subfield>
  </datafield>
  <datafield tag="595" ind1=" " ind2=" ">
    <subfield code="a">Press</subfield>
    <subfield code="s">Industry, Technology</subfield>
  </datafield>
  <datafield tag="595" ind1=" " ind2=" ">
    <subfield code="a">Press</subfield>
    <subfield code="s">Press Photos</subfield>
  </datafield>
  <datafield tag="595" ind1=" " ind2=" ">
    <subfield code="a">Press</subfield>
    <subfield code="s">Technology transfer</subfield>
  </datafield>
</record>
</collection>